[Event "European Seniors Teams Ch."]
[Site "Olympus"]
[Date "2011.05.04"]
[Round "2"]
[Board "1"]
[White "Vucenovic, Dragomir"]
[Black "Uhlmann, Wolfgang"]
[Result "1-0"]
[WhiteElo "2249"]
[BlackElo "2389"]
[PlyCount "73"]
[EventDate "2011.05.03"]
[EventType "team"]
[EventRounds "9"]
[EventCountry "GRE"]
[WhiteTeam "Switzerland"]
[BlackTeam "Germany"]

1.d4 Nf6 2.Nf3 g6 3.g3 c5 4.c4 cxd4 5.Nxd4 Nc6 6.Bg2 Bg7 7.O-O O-O 8.Nc3 Ng4
9.e3 d6 10.h3 Nh6 11.Nde2 Bd7 12.b3 Qc8 13.Kh2 Nf5 14.Bb2 h5 15.e4 Nh6 16.Na4
Ne5 17.Nac3 Qd8 18.f4 Nc6 19.Qd2 Qa5 20.Rad1 Rad8 21.Na4 b5 22.Bxg7 Kxg7 23.Qb2+
f6 24.cxb5 Qxb5 25.Nac3 Qb8 26.Nd5 Be6 27.f5 Bf7 28.fxg6 Bxg6 29.Nef4 Bf7 30.Qe2
Rh8 31.Rc1 Rc8 32.Rxc6 Rxc6 33.Nxe7 Rc5 34.Ned5 Ng8 35.b4 Rc8 36.Qb2 Rh6 37.Qd4 1-0

[Event "European Seniors Teams Ch."]
[Site "Olympus"]
[Date "2011.05.04"]
[Round "2"]
[Board "2"]
[White "Hecht, Hans-Joachim"]
[Black "Bhend, Edwin"]
[Result "1-0"]
[WhiteElo "2377"]
[BlackElo "2257"]
[PlyCount "43"]
[EventDate "2011.05.03"]
[EventType "team"]
[EventRounds "9"]
[EventCountry "GRE"]
[WhiteTeam "Germany"]
[BlackTeam "Switzerland"]

1.Nf3 d5 2.c4 e6 3.d4 Nf6 4.g3 Be7 5.Bg2 O-O 6.O-O b6 7.Nc3 Bb7 8.Ne5 Qc8 9.cxd5
exd5 10.Bf4 c6 11.Rc1 Qe6 12.Re1 Nbd7 13.e4 dxe4 14.Nxe4 Nxe5 15.Ng5 Qd7 16.dxe5
Nd5 17.Nxf7 Qe6 18.Nd6 Rxf4 19.Nxb7 Rf7 20.Rxc6 Qxc6 21.Bxd5 Qc7 22.Bxf7+ 1-0

[Event "European Seniors Teams Ch."]
[Site "Olympus"]
[Date "2011.05.04"]
[Round "2"]
[Board "3"]
[White "Hohler, Peter"]
[Black "Klundt, Klaus"]
[Result "0-1"]
[WhiteElo "2157"]
[BlackElo "2379"]
[PlyCount "76"]
[EventDate "2011.05.03"]
[EventType "team"]
[EventRounds "9"]
[EventCountry "GRE"]
[WhiteTeam "Switzerland"]
[BlackTeam "Germany"]

1.d4 d5 2.c4 c6 3.e3 Nf6 4.Nc3 e6 5.Nf3 Nbd7 6.Bd3 dxc4 7.Bxc4 b5 8.Be2 Bb7
9.O-O a6 10.e4 c5 11.e5 Nd5 12.a4 b4 13.Ne4 Qc7 14.Re1 h6 15.b3 Be7 16.Bb2 O-O
17.Rc1 Rfd8 18.Nfd2 Rac8 19.Nc4 cxd4 20.Ncd6 Nc3 21.Nxc8 Rxc8 22.Bxc3 dxc3
23.Nd6 Bxd6 24.exd6 Qc5 25.Bf1 Nf6 26.Re3 Rd8 27.Qc2 Rxd6 28.Bd3 Rd4 29.h3 Qd5
30.f3 Qg5 31.Rce1 Qg3 32.Re5 Bd5 33.R5e3 a5 34.Qd1 g6 35.Qc2 Kg7 36.Kh1 Nh5
37.Qb1 Nf4 38.Qc2 Bxb3 0-1

[Event "European Seniors Teams Ch."]
[Site "Olympus"]
[Date "2011.05.04"]
[Round "2"]
[Board "4"]
[White "Werner, Clemens"]
[Black "Illi, Hans-Joerg"]
[Result "1-0"]
[WhiteElo "2344"]
[BlackElo "2141"]
[PlyCount "97"]
[EventDate "2011.05.03"]
[EventType "team"]
[EventRounds "9"]
[EventCountry "GRE"]
[WhiteTeam "Germany"]
[BlackTeam "Switzerland"]

1.e4 e6 2.d4 d5 3.Nc3 Bb4 4.Bd3 dxe4 5.Bxe4 Nf6 6.Bf3 O-O 7.Nge2 e5 8.O-O exd4
9.Qxd4 Qxd4 10.Nxd4 c6 11.Ne4 Nxe4 12.Bxe4 Bg4 13.h3 Bh5 14.Be3 Re8 15.Bf5 Bg6
16.Bxg6 hxg6 17.Rfd1 a5 18.a4 Bc5 19.Kf1 Na6 20.c3 Re7 21.Rd3 Rd7 22.Rad1 Rad8
23.Ke2 Rd5 24.Nb3 Rxd3 25.Rxd3 Rxd3 26.Kxd3 Bxe3 27.Kxe3 b6 28.Kd4 Kf8 29.c4 c5+
30.Kd5 Nb4+ 31.Kd6 Nd3 32.Kc6 Nxb2 33.Kxb6 Nxa4+ 34.Kxa5 Nb2 35.Kb5 Nd3 36.Nxc5
Nxf2 37.Nb7 Ke7 38.c5 Kd7 39.Kb6 Ne4 40.Na5 Nxc5 41.Kxc5 Ke6 42.Kd4 Kf5 43.g3 g5
44.Nc4 Ke6 45.Nd2 Kf5 46.Ne4 f6 47.Nc5 g4 48.h4 g5 49.hxg5 1-0

[Event "European Seniors Teams Ch."]
[Site "Olympus"]
[Date "2011.05.04"]
[Round "2"]
[Board "1"]
[White "Tseitlin, Mark D"]
[Black "Baumbach, Friedrich Dr"]
[Result "1-0"]
[WhiteElo "2419"]
[BlackElo "2283"]
[PlyCount "117"]
[EventDate "2011.05.03"]
[EventType "team"]
[EventRounds "9"]
[EventCountry "GRE"]
[WhiteTeam "Israel 1"]
[BlackTeam "Stiftung BSW DBAG 1"]

1.e4 c5 2.Nf3 Nc6 3.Bb5 g6 4.Bxc6 dxc6 5.d3 Bg7 6.h3 Nf6 7.Nc3 O-O 8.Be3 b6
9.Qd2 Re8 10.Bh6 e5 11.O-O-O Nd7 12.h4 Nf6 13.h5 Nxh5 14.Rdg1 Bg4 15.Nh4 Qf6
16.f3 Bd7 17.Bg5 Qd6 18.g3 c4 19.dxc4 Qxd2+ 20.Bxd2 Be6 21.b3 Bf8 22.Be3 Ba3+
23.Kd1 Rad8+ 24.Ke2 Bb4 25.Nd1 Rd7 26.Nf2 Bc3 27.Nd3 Ng7 28.g4 f6 29.a4 Bf7
30.Rg2 Ne6 31.Rgh2 Bd4 32.Ng2 Nf8 33.Bd2 Be6 34.c3 Bc5 35.Nxc5 bxc5 36.Ne3 Red8
37.Kd1 Rf7 38.Rg1 Kh8 39.Kc2 f5 40.gxf5 gxf5 41.Rg5 fxe4 42.fxe4 Nd7 43.b4 Rf4
44.Rgh5 Bg8 45.Nf5 Rxe4 46.Nd6 Rg4 47.Nf7+ Bxf7 48.Rxh7+ Kg8 49.Rh8+ Kg7 50.Rxd8
Nb6 51.a5 Nxc4 52.Rd7 Kg8 53.Rxa7 Bg6+ 54.Kb3 Bf7 55.Rxf7 Kxf7 56.a6 Nxd2+
57.Rxd2 cxb4 58.Rd8 Ke7 59.Rh8 1-0

[Event "European Seniors Teams Ch."]
[Site "Olympus"]
[Date "2011.05.04"]
[Round "2"]
[Board "2"]
[White "Kugelmann, Werner"]
[Black "Maryasin, Boris"]
[Result "0-1"]
[WhiteElo "2226"]
[BlackElo "2323"]
[PlyCount "62"]
[EventDate "2011.05.03"]
[EventType "team"]
[EventRounds "9"]
[EventCountry "GRE"]
[WhiteTeam "Stiftung BSW DBAG 1"]
[BlackTeam "Israel 1"]

1.e4 c5 2.Nf3 e6 3.d4 cxd4 4.Nxd4 a6 5.g3 d5 6.Nf3 Nf6 7.exd5 Bc5 8.Bg2 Qxd5
9.Qe2 Qe4 10.Qxe4 Nxe4 11.O-O Nc6 12.Nbd2 Nxd2 13.Bxd2 Bd7 14.Rad1 f6 15.Bc3
O-O-O 16.Nd4 e5 17.Nxc6 Bxc6 18.Bxc6 bxc6 19.Ba5 Rd5 20.b4 Ba7 21.c4 Rxd1
22.Rxd1 Bd4 23.Kf1 h5 24.h3 g5 25.a4 Rh7 26.Rd3 g4 27.h4 f5 28.b5 axb5 29.axb5
Ra7 30.Bd2 c5 31.Bc1 Ra1 0-1

[Event "European Seniors Teams Ch."]
[Site "Olympus"]
[Date "2011.05.04"]
[Round "2"]
[Board "3"]
[White "Lederman, Leon"]
[Black "Fleuch, Hans-Juergen"]
[Result "1-0"]
[WhiteElo "2272"]
[BlackElo "2078"]
[PlyCount "63"]
[EventDate "2011.05.03"]
[EventType "team"]
[EventRounds "9"]
[EventCountry "GRE"]
[WhiteTeam "Israel 1"]
[BlackTeam "Stiftung BSW DBAG 1"]

1.e4 e5 2.Nf3 Nc6 3.Bb5 a6 4.Ba4 b5 5.Bb3 Na5 6.O-O d6 7.c3 Nxb3 8.axb3 Nf6 9.d3
Be7 10.Nbd2 O-O 11.h3 h6 12.b4 c6 13.Nb3 Qc7 14.Be3 Be6 15.Qc2 Nh5 16.d4 Nf4
17.dxe5 dxe5 18.Nbd4 Bd7 19.Bxf4 exf4 20.e5 a5 21.bxa5 c5 22.Nf5 Bc6 23.Nxe7+
Qxe7 24.Qf5 g5 25.Rfd1 Rfd8 26.Nh2 Bd7 27.Qe4 Kg7 28.Nf3 Ra7 29.b4 cxb4 30.cxb4
f5 31.Qd4 Qe6 32.Qxa7 1-0

[Event "European Seniors Teams Ch."]
[Site "Olympus"]
[Date "2011.05.04"]
[Round "2"]
[Board "4"]
[White "Mai, Hartmut"]
[Black "Kraidman, Yair"]
[Result "0-1"]
[WhiteElo "1936"]
[BlackElo "2260"]
[PlyCount "72"]
[EventDate "2011.05.03"]
[EventType "team"]
[EventRounds "9"]
[EventCountry "GRE"]
[WhiteTeam "Stiftung BSW DBAG 1"]
[BlackTeam "Israel 1"]

1.d4 d5 2.Nf3 Nf6 3.Bf4 c6 4.e3 Bg4 5.Be2 e6 6.Nbd2 Nbd7 7.O-O h6 8.Ne5 Nxe5
9.Bxe5 Bf5 10.Bd3 Bxd3 11.cxd3 Nd7 12.Bg3 Be7 13.Nf3 O-O 14.Qe2 Rc8 15.Rac1 f5
16.Ne5 Nxe5 17.Bxe5 Bf6 18.f4 Kh7 19.e4 Bxe5 20.dxe5 dxe4 21.dxe4 Qd4+ 22.Kh1
Qxe4 23.Qxe4 fxe4 24.Rcd1 Rcd8 25.g3 Rd5 26.Kg2 Kg6 27.h3 h5 28.Rde1 Kf5 29.Re2
Rfd8 30.Kf2 Rd3 31.Rfe1 Rf3+ 32.Kg2 Rdd3 33.Rxe4 Rxg3+ 34.Kh2 Rxh3+ 35.Kg2 Rdg3+
36.Kf2 Rg4 0-1

[Event "European Seniors Teams Ch."]
[Site "Olympus"]
[Date "2011.05.04"]
[Round "2"]
[Board "1"]
[White "Byway, Paul V"]
[Black "Ivanovic, Bozidar"]
[Result "0-1"]
[WhiteElo "2162"]
[BlackElo "2409"]
[PlyCount "84"]
[EventDate "2011.05.03"]
[EventType "team"]
[EventRounds "9"]
[EventCountry "GRE"]
[WhiteTeam "England 1"]
[BlackTeam "Montenegro"]

1.Nf3 Nf6 2.c4 g6 3.g3 Bg7 4.Bg2 O-O 5.O-O c6 6.d4 d6 7.Nc3 Nbd7 8.b3 Re8 9.Bd2
e5 10.dxe5 dxe5 11.Rc1 h6 12.Ne1 Qe7 13.e4 Rd8 14.Rc2 Nc5 15.Qc1 Kh7 16.Be3 Ne6
17.f3 h5 18.Rd2 h4 19.Nc2 Nh5 20.Ne2 hxg3 21.hxg3 Nd4 22.Ncxd4 exd4 23.Nxd4 Nxg3
24.Re1 Qh4 25.Ne2 Nxe2+ 26.Rdxe2 Rd3 27.Bf2 Qd8 28.Re3 Rd6 29.R3e2 Be6 30.Be3
Qa5 31.Rd2 Rxd2 32.Bxd2 Qxa2 33.Bc3 Qxb3 34.Bxg7 Kxg7 35.Qa1+ Kg8 36.Rb1 Qe3+
37.Kh1 b6 38.Qf6 Qh6+ 39.Kg1 Qg7 40.Qe7 Qd4+ 41.Kh2 Kg7 42.Kg3 Rd8 0-1

[Event "European Seniors Teams Ch."]
[Site "Olympus"]
[Date "2011.05.04"]
[Round "2"]
[Board "2"]
[White "Zivkovic, Ljubo"]
[Black "James, Geoffrey H"]
[Result "1/2-1/2"]
[WhiteElo "2270"]
[BlackElo "2207"]
[PlyCount "82"]
[EventDate "2011.05.03"]
[EventType "team"]
[EventRounds "9"]
[EventCountry "GRE"]
[WhiteTeam "Montenegro"]
[BlackTeam "England 1"]

1.c4 e5 2.Nc3 Nf6 3.g3 Bb4 4.Bg2 Nc6 5.Nf3 Bxc3 6.dxc3 d6 7.Bg5 h6 8.Bxf6 Qxf6
9.O-O O-O 10.Ne1 Qe7 11.Nc2 f5 12.Ne3 Be6 13.Nd5 Qd7 14.f4 e4 15.Ne3 Ne7 16.Qd2
Qc6 17.b3 Rad8 18.Rfd1 d5 19.cxd5 Nxd5 20.c4 Nxe3 21.Qxe3 a5 22.Kf2 Rd6 23.Rd2
Rfd8 24.Rad1 a4 25.Rxd6 Rxd6 26.Rxd6 Qxd6 27.g4 g6 28.gxf5 gxf5 29.Bh3 axb3
30.axb3 c5 31.Qc1 Qd4+ 32.e3 Qd8 33.Bg2 Bf7 34.Qc3 Bh5 35.b4 Qd1 36.bxc5 Qe2+
37.Kg1 Bf3 38.Bf1 Qd1 39.Qd4 Qe1 40.Qd8+ Kg7 41.Qe7+ Kg8 1/2-1/2

[Event "European Seniors Teams Ch."]
[Site "Olympus"]
[Date "2011.05.04"]
[Round "2"]
[Board "4"]
[White "Dragasevic, Srdja"]
[Black "Singleton, Michael P F"]
[Result "1/2-1/2"]
[WhiteElo "2266"]
[BlackElo "2162"]
[PlyCount "77"]
[EventDate "2011.05.03"]
[EventType "team"]
[EventRounds "9"]
[EventCountry "GRE"]
[WhiteTeam "Montenegro"]
[BlackTeam "England 1"]

1.d4 Nf6 2.Bg5 c5 3.d5 Qb6 4.Nc3 h6 5.Bc1 g6 6.e4 d6 7.Bb5+ Bd7 8.a4 Bg7 9.Nf3
O-O 10.h3 Bxb5 11.axb5 Nbd7 12.Nd2 Ne8 13.Qe2 Nc7 14.Rb1 a6 15.bxa6 Qxa6 16.Nd1
b5 17.O-O e6 18.dxe6 Nxe6 19.c3 Rfe8 20.Ne3 Nf6 21.Ng4 Nxg4 22.hxg4 c4 23.Nf3
Nc5 24.Be3 Rxe4 25.g5 h5 26.Rfd1 Rae8 27.Qd2 Nd3 28.Ne1 Nxe1 29.Rxe1 Qc6 30.Rbd1
Rg4 31.Qd5 Qxd5 32.Rxd5 Rge4 33.Rxb5 R4e5 34.Rxe5 Rxe5 35.Rd1 Rb5 36.Rxd6 Rxb2
37.Rd8+ Kh7 38.Rc8 Bxc3 39.Rxc4 1/2-1/2

[Event "European Seniors Teams Ch."]
[Site "Olympus"]
[Date "2011.05.04"]
[Round "2"]
[Board "1"]
[White "Rantanen, Yrjo A"]
[Black "Pekun, Cem"]
[Result "1-0"]
[WhiteElo "2373"]
[BlackElo "2151"]
[PlyCount "67"]
[EventDate "2011.05.03"]
[EventType "team"]
[EventRounds "9"]
[EventCountry "GRE"]
[WhiteTeam "Finland 1"]
[BlackTeam "Turkey"]

1.e4 c5 2.Nf3 e6 3.d4 cxd4 4.Nxd4 a6 5.Bd3 Nf6 6.O-O Qc7 7.f4 d6 8.c4 Nbd7 9.Nc3
b6 10.Be3 Nc5 11.Bc2 Bb7 12.Qf3 Be7 13.Rac1 O-O 14.b4 Ncd7 15.Bd3 Rad8 16.Nd5
exd5 17.cxd5 Nc5 18.Nf5 Qd7 19.bxc5 bxc5 20.Bd2 Ne8 21.Ba5 Rb8 22.Qh3 Bc8 23.Bc3
f6 24.e5 g6 25.e6 Qa7 26.Nh6+ Kg7 27.Kh1 Nc7 28.Nf5+ gxf5 29.Bxf5 Rh8 30.Qh5
Nxe6 31.dxe6 Bd8 32.Qg5+ Kf8 33.Bxf6 h6 34.e7+ 1-0

[Event "European Seniors Teams Ch."]
[Site "Olympus"]
[Date "2011.05.04"]
[Round "2"]
[Board "2"]
[White "Muratoglu, Salih"]
[Black "Westerinen, Heikki M J"]
[Result "1/2-1/2"]
[WhiteElo "2068"]
[BlackElo "2350"]
[PlyCount "85"]
[EventDate "2011.05.03"]
[EventType "team"]
[EventRounds "9"]
[EventCountry "GRE"]
[WhiteTeam "Turkey"]
[BlackTeam "Finland 1"]

1.d4 Nf6 2.c4 g6 3.g3 Bg7 4.Bg2 O-O 5.Nc3 c5 6.dxc5 Na6 7.Nf3 Nxc5 8.O-O d6
9.Nd4 a6 10.e4 Bg4 11.f3 Bd7 12.Be3 Rb8 13.Qe2 Na4 14.Nxa4 Bxa4 15.b3 Bd7 16.Qd2
Ne8 17.Rad1 Nc7 18.f4 Ne6 19.f5 Nxd4 20.Bxd4 Bxd4+ 21.Qxd4 f6 22.c5 Bb5 23.Rfe1
dxc5 24.Qxc5 Rc8 25.Qe3 Qe8 26.fxg6 Qxg6 27.e5 Bc6 28.exf6 exf6 29.Qe6+ Qf7
30.Bh3 Rce8 31.Qd6 Kg7 32.Bf1 Rxe1 33.Rxe1 Re8 34.Rc1 Qh5 35.Qc7+ Kh8 36.Qf4 Qe5
37.Qxe5 fxe5 38.Bxa6 Ra8 39.Bd3 Rxa2 40.Re1 Rg2+ 41.Kf1 Rd2 42.Be4 Rxh2 43.Bxc6 1/2-1/2

[Event "European Seniors Teams Ch."]
[Site "Olympus"]
[Date "2011.05.04"]
[Round "2"]
[Board "3"]
[White "Hurme, Harri"]
[Black "Ozbilen, Hayri"]
[Result "1-0"]
[WhiteElo "2277"]
[BlackElo "2059"]
[PlyCount "61"]
[EventDate "2011.05.03"]
[EventType "team"]
[EventRounds "9"]
[EventCountry "GRE"]
[WhiteTeam "Finland 1"]
[BlackTeam "Turkey"]

1.d4 Nf6 2.c4 c5 3.d5 b5 4.cxb5 a6 5.bxa6 Bxa6 6.b3 g6 7.Bb2 Bg7 8.Nd2 O-O 9.e4
Bxf1 10.Kxf1 d6 11.Qc2 Na6 12.Ne2 Nb4 13.Qb1 Ng4 14.Bxg7 Kxg7 15.g3 f5 16.Nf4
Rf6 17.a3 Qa5 18.Nc4 Qa7 19.Kg2 Na6 20.Re1 Ne5 21.Qb2 Nxc4 22.bxc4 Kg8 23.e5 Rf7
24.exd6 exd6 25.Re6 Qd7 26.Qb6 Qa4 27.Qxd6 Qxc4 28.Rae1 Nc7 29.Re7 Raf8 30.Qxc7
g5 31.Rxf7 1-0

[Event "European Seniors Teams Ch."]
[Site "Olympus"]
[Date "2011.05.04"]
[Round "2"]
[Board "4"]
[White "Bapoglu, Ibrahim"]
[Black "Kanko, Ilkka"]
[Result "0-1"]
[WhiteElo "1828"]
[BlackElo "2231"]
[PlyCount "120"]
[EventDate "2011.05.03"]
[EventType "team"]
[EventRounds "9"]
[EventCountry "GRE"]
[WhiteTeam "Turkey"]
[BlackTeam "Finland 1"]

1.e4 c5 2.Nf3 e6 3.d4 cxd4 4.Nxd4 Nc6 5.Be3 a6 6.c3 d6 7.Nd2 Nf6 8.Be2 Be7 9.O-O
O-O 10.f4 Qc7 11.Bf3 Bd7 12.Bf2 e5 13.Ne2 exf4 14.Nxf4 Ne5 15.Nd5 Nxd5 16.exd5
Bg5 17.Bd4 Rae8 18.Ne4 Bh6 19.Ng3 g6 20.Re1 Bg7 21.Kh1 f5 22.Rc1 Rf7 23.b3 Rfe7
24.Bxe5 Rxe5 25.Rxe5 Rxe5 26.Ne2 Qd8 27.Qd2 Qe7 28.g3 g5 29.Nd4 Re3 30.Rf1 Qe5
31.Bg2 f4 32.Nf3 Qxc3 33.Qxc3 Rxc3 34.gxf4 gxf4 35.Ng5 Bb5 36.Re1 Be5 37.Nf3 Bf6
38.h4 Bd7 39.Ng5 Bxg5 40.hxg5 f3 41.Bf1 Rc2 42.a4 Rd2 43.Re3 Bg4 44.Kg1 Kf7
45.Re4 f2+ 46.Kg2 Bf5 47.Rf4 Kg6 48.Bc4 Kxg5 49.Rxf2 Be4+ 50.Kg3 Rxf2 51.Kxf2
Kf4 52.b4 Ke5 53.Ke3 Bxd5 54.Bd3 h5 55.Be2 h4 56.Bg4 Be6 57.Bf3 d5 58.Bh1 b6
59.Bf3 Bf5 60.Ke2 a5 0-1

[Event "European Seniors Teams Ch."]
[Site "Olympus"]
[Date "2011.05.04"]
[Round "2"]
[Board "1"]
[White "Titz, Heimo"]
[Black "Danner, Georg"]
[Result "1/2-1/2"]
[WhiteElo "2183"]
[BlackElo "2416"]
[PlyCount "110"]
[EventDate "2011.05.03"]
[EventType "team"]
[EventRounds "9"]
[EventCountry "GRE"]
[WhiteTeam "Niederoesterreich"]
[BlackTeam "Austria"]

1.c4 e6 2.d4 d5 3.Nc3 Nf6 4.cxd5 exd5 5.Bg5 Be7 6.e3 c6 7.Qc2 O-O 8.Bd3 Nbd7
9.Nge2 Re8 10.O-O Nf8 11.Rad1 Nh5 12.Bxe7 Qxe7 13.Ng3 Nxg3 14.hxg3 Bg4 15.Rde1
Qd6 16.f3 Bh5 17.Kf2 Bg6 18.Ne2 Bxd3 19.Qxd3 Ne6 20.Rh1 g6 21.Nf4 Re7 22.Re2
Rae8 23.Nxe6 Rxe6 24.g4 f6 25.g3 Rf8 26.a3 a6 27.b4 f5 28.gxf5 Rxf5 29.Kg2 h5
30.e4 dxe4 31.fxe4 Rf7 32.Qc4 Kg7 33.Rd1 Rfe7 34.Qd3 Rd7 35.e5 Qd5+ 36.Qf3 a5
37.Re4 Rf7 38.Rf4 Qxf3+ 39.Kxf3 axb4 40.axb4 Ree7 41.Ke4 g5 42.Rxf7+ Rxf7 43.b5
h4 44.e6 Rf2 45.gxh4 Kf6 46.hxg5+ Kxe6 47.bxc6 bxc6 48.Rg1 Rf7 49.g6 Rg7 50.Kd3
Kd5 51.Rg5+ Ke6 52.Kc4 Kd6 53.Rg1 Ke6 54.Kc5 Kd7 55.Kb6 Kd6 {70 moves} 1/2-1/2

[Event "European Seniors Teams Ch."]
[Site "Olympus"]
[Date "2011.05.04"]
[Round "2"]
[Board "2"]
[White "Hoelzl, Franz"]
[Black "Winiwarter, Felix"]
[Result "1-0"]
[WhiteElo "2342"]
[BlackElo "2167"]
[PlyCount "83"]
[EventDate "2011.05.03"]
[EventType "team"]
[EventRounds "9"]
[EventCountry "GRE"]
[WhiteTeam "Austria"]
[BlackTeam "Niederoesterreich"]

1.Nf3 Nf6 2.c4 g6 3.Nc3 Bg7 4.e4 d6 5.d4 O-O 6.Be2 e5 7.O-O Nc6 8.d5 Ne7 9.a4
Nh5 10.Re1 Nf4 11.Bf1 f5 12.Bxf4 fxe4 13.Bxe5 exf3 14.Bxg7 Kxg7 15.g3 Nf5 16.Ra3
Qf6 17.Nb5 Bd7 18.Nxc7 Rac8 19.Ne6+ Bxe6 20.Rxe6 Qd4 21.Re7+ Kg8 22.Qxd4 Nxd4
23.Re4 Ne2+ 24.Bxe2 fxe2 25.Rae3 Rc7 26.Rxe2 Rfc8 27.b3 a6 28.a5 b6 29.axb6 Rb7
30.Re7 Rxb6 31.Rd7 Rxb3 32.Ree7 Rc3 33.Rg7+ Kf8 34.Rxh7 Kg8 35.Rdg7+ Kf8 36.Rxg6
R3xc4 37.Rxd6 a5 38.Rh8+ Ke7 39.Re6+ Kf7 40.Rh7+ Kg8 41.Ree7 a4 42.h4 1-0

[Event "European Seniors Teams Ch."]
[Site "Olympus"]
[Date "2011.05.04"]
[Round "2"]
[Board "3"]
[White "Weinwurm, Wolfgang"]
[Black "Ager, Josef"]
[Result "1-0"]
[WhiteElo "2190"]
[BlackElo "2188"]
[PlyCount "48"]
[EventDate "2011.05.03"]
[EventType "team"]
[EventRounds "9"]
[EventCountry "GRE"]
[WhiteTeam "Niederoesterreich"]
[BlackTeam "Austria"]

1.e4 Nf6 2.Nc3 e5 3.d4 exd4 4.Qxd4 Nc6 5.Qe3 Bb4 6.Bd2 O-O 7.O-O-O Re8 8.f3 d5
9.Qf2 d4 10.Nb5 Bc5 11.Bf4 Bb6 12.Ne2 Nh5 13.Be3 dxe3 14.Rxd8 Rxd8 15.Qh4 Nf6
16.Nf4 Bd7 17.Nc3 Nd4 18.Bd3 Ne6 19.e5 Nxf4 20.Qxf4 Nh5 21.Qg5 g6 22.g4 Ng7
23.Ne4 Ne8 24.Qh6 Bd4 1-0

[Event "European Seniors Teams Ch."]
[Site "Olympus"]
[Date "2011.05.04"]
[Round "2"]
[Board "4"]
[White "Singer, Hans"]
[Black "Strobel, Ferdinand"]
[Result "1/2-1/2"]
[WhiteElo "2274"]
[BlackElo "2128"]
[PlyCount "51"]
[EventDate "2011.05.03"]
[EventType "team"]
[EventRounds "9"]
[EventCountry "GRE"]
[WhiteTeam "Austria"]
[BlackTeam "Niederoesterreich"]

1.Nf3 f5 2.g3 Nf6 3.Bg2 g6 4.O-O Bg7 5.c4 O-O 6.Nc3 d6 7.d4 Nc6 8.b3 Ne4 9.Bb2
Nxc3 10.Bxc3 e5 11.e3 e4 12.Nd2 Ne7 13.b4 Be6 14.b5 a5 15.bxa6 Rxa6 16.Qb3 Ra7
17.d5 Bd7 18.Bxg7 Kxg7 19.f3 exf3 20.Nxf3 Ng8 21.Nd4 Qf6 22.g4 Nh6 23.gxf5 Nxf5
24.Nxf5+ Bxf5 25.Rae1 Qe5 26.Rf4 1/2-1/2

[Event "European Seniors Teams Ch."]
[Site "Olympus"]
[Date "2011.05.04"]
[Round "2"]
[Board "1"]
[White "Tatai, Stefano"]
[Black "Fernengel, Rudolf"]
[Result "1-0"]
[WhiteElo "2361"]
[BlackElo "1770"]
[PlyCount "53"]
[EventDate "2011.05.03"]
[EventType "team"]
[EventRounds "9"]
[EventCountry "GRE"]
[WhiteTeam "Italy"]
[BlackTeam "Stiftung BSW DBAG II"]

1.d4 e6 2.c4 d5 3.g3 Nf6 4.Bg2 c6 5.Nf3 Nbd7 6.Nbd2 Be7 7.O-O O-O 8.Qc2 Re8 9.b3
Qa5 10.a3 a6 11.b4 Qb6 12.e4 dxe4 13.Nxe4 Nxe4 14.Qxe4 Bf6 15.c5 Qd8 16.Bf4 Nf8
17.Rfd1 Ng6 18.Be5 Bd7 19.h4 h6 20.Qe3 Be7 21.h5 Nf8 22.Nd2 Bg5 23.f4 Be7 24.Nc4
f6 25.Bd6 Bc8 26.Nb6 Ra7 27.Bb8 1-0

[Event "European Seniors Teams Ch."]
[Site "Olympus"]
[Date "2011.05.04"]
[Round "2"]
[Board "2"]
[White "Baumgarten, Werner"]
[Black "Mariotti, Sergio"]
[Result "0-1"]
[WhiteElo "1600"]
[BlackElo "2329"]
[PlyCount "48"]
[EventDate "2011.05.03"]
[EventType "team"]
[EventRounds "9"]
[EventCountry "GRE"]
[WhiteTeam "Stiftung BSW DBAG II"]
[BlackTeam "Italy"]

1.c4 e5 2.g3 Nf6 3.Bg2 c6 4.d3 Bb4+ 5.Nc3 O-O 6.Bd2 d5 7.a3 Bxc3 8.Bxc3 Re8
9.Qb3 d4 10.Bd2 h6 11.h3 e4 12.dxe4 Nxe4 13.Bf4 Na6 14.Bxe4 Rxe4 15.O-O-O Qf6
16.Qf3 Bf5 17.Bd2 Qe6 18.b3 b5 19.g4 Bg6 20.cxb5 cxb5 21.Kb2 Rc8 22.Rc1 Rxc1
23.Bxc1 Nc5 24.h4 Re3 0-1

[Event "European Seniors Teams Ch."]
[Site "Olympus"]
[Date "2011.05.04"]
[Round "2"]
[Board "3"]
[White "Micheli, Carlo"]
[Black "Neudel, Bernd"]
[Result "1-0"]
[WhiteElo "2258"]
[BlackElo "1948"]
[PlyCount "54"]
[EventDate "2011.05.03"]
[EventType "team"]
[EventRounds "9"]
[EventCountry "GRE"]
[WhiteTeam "Italy"]
[BlackTeam "Stiftung BSW DBAG II"]

1.c4 e5 2.g3 Nf6 3.Bg2 Nc6 4.Nc3 d6 5.d3 Nd4 6.e3 Ne6 7.d4 exd4 8.exd4 Be7
9.Nge2 O-O 10.O-O Re8 11.h3 Nf8 12.Be3 c6 13.Qb3 Qc7 14.Rad1 Bf5 15.g4 Bg6
16.Ng3 N6d7 17.Nce2 f6 18.d5 c5 19.f4 f5 20.g5 Nb6 21.Qd3 Qd7 22.h4 Qa4 23.b3
Qd7 24.Bh3 Bd8 25.h5 Bf7 26.Nxf5 Qc7 27.Neg3 g6 1-0

[Event "European Seniors Teams Ch."]
[Site "Olympus"]
[Date "2011.05.04"]
[Round "2"]
[Board "4"]
[White "Hasivar, Hans"]
[Black "Rosino, Antonio"]
[Result "0-1"]
[WhiteElo "1600"]
[BlackElo "2248"]
[PlyCount "90"]
[EventDate "2011.05.03"]
[EventType "team"]
[EventRounds "9"]
[EventCountry "GRE"]
[WhiteTeam "Stiftung BSW DBAG II"]
[BlackTeam "Italy"]

1.e4 e5 2.Nf3 Nc6 3.Bb5 a6 4.Ba4 Nf6 5.d3 d6 6.h3 b5 7.Bb3 Na5 8.c3 Nxb3 9.Qxb3
Be7 10.Be3 O-O 11.Qc2 Bb7 12.Nbd2 c5 13.c4 Qd7 14.b3 Ne8 15.Nh2 f5 16.f3 Bh4+
17.Bf2 Bxf2+ 18.Kxf2 Nc7 19.Rad1 Ne6 20.Rhf1 Nd4 21.Qb2 Qe7 22.Rde1 Qh4+ 23.Kg1
Rf6 24.Nb1 Rg6 25.Kh1 b4 26.Qf2 Qg5 27.Rg1 a5 28.Nd2 f4 29.Rc1 Qg3 30.Qe1 a4
31.Qd1 h5 32.Qe1 axb3 33.axb3 Ra2 34.Nhf1 Qg5 35.Qd1 Bc8 36.Kh2 Qh4 37.Qe1 Qxe1
38.Rxe1 Rb2 39.Ra1 Be6 40.Ra6 Bf7 41.Ra8+ Kh7 42.Ra7 Rf6 43.Rd7 Nxb3 44.Nxb3
Rxb3 45.Nd2 Rxd3 0-1

[Event "European Seniors Teams Ch."]
[Site "Olympus"]
[Date "2011.05.04"]
[Round "2"]
[Board "1"]
[White "Macdonald-Ross, Michael"]
[Black "Sorensen, Bent"]
[Result "0-1"]
[WhiteElo "2157"]
[BlackElo "2343"]
[PlyCount "64"]
[EventDate "2011.05.03"]
[EventType "team"]
[EventRounds "9"]
[EventCountry "GRE"]
[WhiteTeam "England 2"]
[BlackTeam "Denmark 1"]

1.d4 Nf6 2.Nf3 e6 3.e3 d5 4.Bd3 Nbd7 5.b3 Bb4+ 6.c3 Bd6 7.Ba3 Bxa3 8.Nxa3 Qe7
9.Nb5 O-O 10.c4 c6 11.Nc3 e5 12.Be2 dxc4 13.bxc4 exd4 14.exd4 Nb6 15.O-O Bg4
16.Qb3 Rad8 17.Rfe1 Rfe8 18.Bf1 Qc7 19.Rxe8+ Rxe8 20.Ne5 Rd8 21.c5 Nbd5 22.Nxd5
Rxd5 23.Bc4 Rxd4 24.Bxf7+ Kf8 25.Re1 Qa5 26.Kf1 Ne4 27.Qe3 Nd2+ 28.Kg1 Re4
29.Qxe4 Nxe4 30.Rxe4 Qxc5 31.h3 Bf5 32.Re3 g6 0-1

[Event "European Seniors Teams Ch."]
[Site "Olympus"]
[Date "2011.05.04"]
[Round "2"]
[Board "2"]
[White "Sloth, Jorn"]
[Black "Ashby, Anthony C"]
[Result "1/2-1/2"]
[WhiteElo "2310"]
[BlackElo "2151"]
[PlyCount "71"]
[EventDate "2011.05.03"]
[EventType "team"]
[EventRounds "9"]
[EventCountry "GRE"]
[WhiteTeam "Denmark 1"]
[BlackTeam "England 2"]

1.Nf3 Nf6 2.c4 g6 3.g3 Bg7 4.Bg2 O-O 5.d4 d6 6.O-O Nc6 7.Nc3 Bf5 8.d5 Na5 9.Nd4
Bd7 10.b3 c5 11.dxc6 Nxc6 12.Bb2 Nxd4 13.Qxd4 Bc6 14.Nd5 Ne8 15.Qd2 Bxb2 16.Qxb2
e6 17.Ne3 f5 18.Rad1 Qe7 19.Qd4 Bxg2 20.Nxg2 b6 21.e4 fxe4 22.Qxe4 Nf6 23.Qd3
Rad8 24.Ne3 Qf7 25.f4 Qc7 26.Rfe1 Qc5 27.Qd4 Qxd4 28.Rxd4 e5 29.fxe5 dxe5
30.Rxd8 Rxd8 31.Rd1 Rxd1+ 32.Nxd1 Ne4 33.Kf1 Kf7 34.Ke2 Ke6 35.Ke3 Nf6 36.Nf2 1/2-1/2